000 00393nam a2200157Ia 4500
008 151213s9999 xx 000 0 und d
100 _aRonald H. Browin
245 _aBusiness America : National Export Strategy
_cRonald H. Browin
250 _a3rd
260 _c1995
300 _a3007 p.
650 _aManagement
650 _aManagement
700 _aRonald H. Browin
999 _c2094
_d2094